Every Song by the Buggles - Statistics

General Stats
  • This quiz has been taken 6 times
  • The average score is 19 of 22
Answer Stats
Album Song % Correct
Adventures in Modern Recording(1981) Adventures in Modern Recording
100%
Adventures in Modern Recording(1981) Adventures in Modern Recording (reprise)
100%
The Age of Plastic(1980) Astroboy (And the Proles on Parade)
100%
The Age of Plastic(Bonus)(2000) Island
100%
The Age of Plastic(Bonus)(2000) Technopop
100%
The Age of Plastic(1980) Video Killed the Radio Star
100%
Adventures in Modern Recording(1981) Beatnik
83%
The Age of Plastic(1980) Clean, Clean
83%
Adventures in Modern Recording(Bonus)(2010) Dion
83%
The Age of Plastic(1980) Elstree
83%
Adventures in Modern Recording(1981) I Am a Camera
83%
The Age of Plastic(1980) I Love You (Miss Robot)
83%
The Age of Plastic(1980) Johnny on the Monorail
83%
The Age of Plastic(1980) Kid Dynamo
83%
The Age of Plastic(1980) Living in the Plastic Age
83%
Adventures in Modern Recording(1981) Rainbow Warrior
83%
Adventures in Modern Recording(1981) Vermillion Sands
83%
Adventures in Modern Recording(Bonus)(1997) Blue Nylon
67%
Adventures in Modern Recording(Bonus)(1997) Fade Away
67%
Adventures in Modern Recording(1981) Inner City
67%
Adventures in Modern Recording(1981) Lenny
67%
Adventures in Modern Recording(1981) On TV
67%
No matching quizzes found
Score Distribution
Percent of People with Each Score
Percentile by Number Answered
Your Score History
You have not taken this quiz